Leshon ʻamenu. (Record no. 31605)

MARC details
000 -LEADER
fixed length control field 00577cam a22002171 4500
001 - CONTROL NUMBER
control field he 66000514
003 - CONTROL NUMBER IDENTIFIER
control field DLC
005 - DATE AND TIME OF LATEST TRANSACTION
control field 20260227111437.0
008 - FIXED-LENGTH DATA ELEMENTS--GENERAL INFORMATION
fixed length control field 840613s1965 nyu 000 0 heb
010 ## - LIBRARY OF CONGRESS CONTROL NUMBER
LC control number he 66000514
035 ## - SYSTEM CONTROL NUMBER
System control number (OCoLC)19142871
040 ## - CATALOGING SOURCE
Original cataloging agency DLC
Transcribing agency MH
Modifying agency DLC
042 ## - AUTHENTICATION CODE
Authentication code premarc
050 00 - LIBRARY OF CONGRESS CALL NUMBER
Classification number PJ4571
Item number .K67
100 1# - MAIN ENTRY--PERSONAL NAME
Personal name Kodesh, Shlomo.
245 10 - TITLE STATEMENT
Title Leshon ʻamenu.
260 ## - PUBLICATION, DISTRIBUTION, ETC.
Place of publication, distribution, etc. [New York] :
Name of publisher, distributor, etc. Ktav Publishing House,
Date of publication, distribution, etc. [1965]
300 ## - PHYSICAL DESCRIPTION
Extent 2 v. :
Other physical details ill. ;
Dimensions 23 cm.
650 #0 - SUBJECT ADDED ENTRY--TOPICAL TERM
Topical term or geographic name entry element Hebrew language
General subdivision Readers.
752 ## - ADDED ENTRY--HIERARCHICAL PLACE NAME
Country or larger entity United States
First-order political jurisdiction New York
City New York

No items available.

Powered by Koha